• 首页
  • 本馆介绍
  • 公告通知
  • 最新文献
  • 馆藏检索
  • 电子资源
  • 读者导购
  • 参考咨询
  • 我的图书馆
  • 登录
  • 详细信息显示
  • 放入我的书架
  • 预约/预借图书
  • 作者相关作品
  • 分类相关作品
  • 丛书相关作品
  • 出版社相关作品

书目信息

  • 表格格式
  • 工作单格式
  • 卡片格式
题名:
西方现代艺术批评
    
 
作者: 夏吕姆 著 ;林霄潇 , 吴启雯 译
分册:  
出版信息: 北京   文化艺术出版社  2005
页数: 225页
开本: 23cm
丛书名: 艺术馆
单 册:
中图分类: J05
科图分类:
主题词: 艺术评论--西方国家--现代
电子资源:
ISBN: 7-5039-2651-1
000 01496nam0 2200373 450
000 01459nam0 2200361 450
000 01457nam0 2200373 450
000 01403nam0 2200349 450
000 01454nam0 2200337 450
000 01417nam0 2200325 45
001 TS2006045699
005 20061205142641.85
010    @a7-5039-2651-1@dCNY46.00
100    @a20060829d2005 em y0chiy0110 ea
101 1  @achi@cfre
102    @aCN@b110000
105    @aa z 000yy
200 1  @a西方现代艺术批评@AXi Fang Xian Dai Yi Shu Pi Ping@f(法)让—吕克·夏吕姆著@F( Fa ) Rang— Lu^ Ke· Xia Lu^ Mu Zhu@g林霄潇,吴启雯译
210    @a北京@c文化艺术出版社@d2005
215    @a225页@c图@d23cm
225 2  @a艺术馆
305    @a根据Klincksieck & Cie 1994年版译出
330    @a本书评述了西方艺术三巨匠——勃拉克、马蒂斯、毕加索的最后时光、半个世纪中四位非主流画家成熟时期的到来、美国抽象表现主义、波普艺术和新先生主义、欧洲抽象理念和极限主义等内容,并就德国、意大利、美国、英国、法国、俄罗斯等国家的艺术概况做了介绍和分析。
410  0 @12001 @a艺术馆
510 1  @aHistoire Critique de L'art Contemporain@zfre
606 0  @a艺术评论@y西方国家@z现代
690    @aJ05@v4
701  1 @a夏吕姆@AXia Lu^ Mu@b让—吕克@g(Chalumeau, Jean-Luc)@4著
702  0 @a林霄潇@ALin Xiao Xiao@4译
702  0 @a吴启雯@AWu Qi Wen@4译
801  0 @aCN@b中图数据@c20061205
905    @a10447@dJ05@e164
    
    西方现代艺术批评/(法)让—吕克·夏吕姆著/林霄潇,吴启雯译.-北京:文化艺术出版社,2005
    225页:图;23cm.-(艺术馆)
    
    
    ISBN 7-5039-2651-1:CNY46.00
    本书评述了西方艺术三巨匠——勃拉克、马蒂斯、毕加索的最后时光、半个世纪中四位非主流画家成熟时期的到来、美国抽象表现主义、波普艺术和新先生主义、欧洲抽象理念和极限主义等内容,并就德国、意大利、美国、英国、法国、俄罗斯等国家的艺术概况做了介绍和分析。
●
相关链接 在E读中查询图书 在五车中查询图书 在当当中查询图书 在豆瓣中查询图书


正题名:西方现代艺术批评     索取号:J05/164         预约/预借

序号 登录号 条形码 馆藏地/架位号 状态 备注
1 0613331   206133316   第一样本阅览室/ [索取号:J05/164] 在馆    
2 0613332   206133325   第一借阅区/ [索取号:J05/164] 在馆    
3 0613333   206133334   第一借阅区/ [索取号:J05/164] 在馆    
4 0613334   206133343   第一借阅区/ [索取号:J05/164] 在馆    
5 0613335   206133352   第一借阅区/ [索取号:J05/164] 在馆    
6 0613336   206133361   第一借阅区/ [索取号:J05/164] 在馆    
7 0613337   206133370   第一借阅区/ [索取号:J05/164] 在馆    
8 0613338   206133389   第一借阅区/ [索取号:J05/164] 在馆    
唐山师范学院图书馆 欢迎您!
大连网信软件有限公司© 版权所有